000 00986nam0a22002411 4500
001 rc\2707933
005 20250529121649.0
035 _a(NLR Aleph) 006835877
090 _a6594030
_c6594030
100 _a20110915d1934 |||y0rusy50 ca
101 0 _arus
102 _aRU
105 _aa z |||||
200 1 _aИзвесть из мела
_eТеория обжига. Расчет известковой печи. Конструкция печи для обжига рыхлого мела
_fА. Б. Циперович
210 _aМинск
_cГос. науч.-техн. изд-во БССР
_d1934
215 _a58 с., 2 л. черт.
_cчерт., табл., граф., диагр.
_d22 см.
225 1 _aНаучно-исследовательский институт промышленности БССР
_vВып. 2
700 1 _aЦиперович
_bА.Б.
801 0 _aRU
_bNLR
_gpsbo
801 1 _aRU
_bELAR
_2rusmarc
852 _aNLR
_j34-18/922-2
942 _cBOOK
980 _aNB